| 000 | 01394nam a2200217Ia 4500 | ||
|---|---|---|---|
| 003 | Ost | ||
| 005 | 20260507075632.0 | ||
| 008 | 260507s9999||||xx |||||||||||||| ||und|| | ||
| 020 | _a4094348977 | ||
| 040 | _cfsecg | ||
| 041 | _aara | ||
| 082 | _a332.7 | ||
| 100 |
_aعثمان، احمد محمد عبد الحكيم _eمؤلف |
||
| 245 | 0 |
_aأحكام البطاقات الائتمانية في القانون والآراء الفقهية الاسلامية / _c احمد محمد عبد الحكيم عثمان |
|
| 260 |
_aالاسكندرية: _bدار الفكر الجامعي, _c2007 |
||
| 300 |
_a414 صفحة؛ _c24 سم |
||
| 520 | _aفي هذا الكتاب : ماهية بطاقة الإئتمان ومميزاتها في القانون الوضعي وموقف الفقه الإسلامي منها ،أركان عقد بطاقة الإئتمان في القانون الوضعي، العلاقات القائمة بين أطواف بطاقة الإئتمان في القانون الوضعي ،الإجراءات والرسوم القائمة على بطاقة الإئتمان في القانون الوضعي ،البطاقات الإئتمانية الإسلاميةالمقترحة كبديل للبطاقات المتداولة ،خاتمة تمثل أهم نتائج الدراسة | ||
| 653 | _aالائتمان | ||
| 653 | _aالقانون | ||
| 942 | _cكتاب | ||
| 999 |
_c45233 _d45233 |
||